Responses for Show #7188 - Wednesday, December 9, 2015

(Lin-Manuel Miranda: I'm Lin-Manuel Miranda. I wrote and star in the Broadway musical Hamilton. Clues about Alexander Hamilton coming up on Jeopardy!)

WE ASKED: Hamilton's Lin-Manuel Miranda.

Contestants

[<< previous game]

Jon Lubbers, a mechanical engineer from Lafayette, Colorado

Bianca Howard, a waste reduction specialist from Cary, North Carolina

Alex Maggio, a writer originally from Cincinnati, Ohio (whose 1-day cash winnings total $15,100)

[next game >>]

Jeopardy! Round responses

PRESIDENTS ON TV
ADVERTISING ICONS
CROSSWORD CLUES "T"
LAST NAMES IN THE HARRY POTTER BOOKS
EARTH, WIND OR FIRE
(Lin-Manuel Miranda: Alexander Hamilton--his life and times as portrayed in our Broadway musical...)
HAMILTON
    $200 19
Martin Sheen

Alex
    $200 8
Betty Crocker

Alex
    $200 21
tomahawk

Alex
    $200 3
Snape

Alex
    $200 26
fire

Alex
    $200 12
(Alex Trebek: [*] is the correct response, and before you make your next selection, I do want to thank the marvelous cast of Hamilton for helping us with all of these clues. If you're in New York, go see the show. It's well worth it.)

Aaron Burr

Jon
    $400 24
House of Cards

Alex
    $400 13
a gecko

Alex
    $400 22
tattletale

Alex
    $400 7
Hagrid

Bianca
    $400 27
earth

Jon
    $400 6
France

Jon
    $600 14
24

Jon
    $1,200 16
the Michelin Man

Bianca
    $600 23
tailgate

Jon
    $600 9
Dumbledore

Alex
    $600 2
fire

Jon
    $600 5
George III

Jon
    $800 15
Veep

Bianca
    $800 17
the Most Interesting Man in the World

Jon
    $800 28
telecommute

Alex
    $800 10
Gryffindor

Jon
    $800 20
wind

Jon
    $800 4
the Treasury

Alex
    $1000 30
Battlestar Galactica

Alex
    $1000 18
(Jon: What's... Duracell?)

Eveready

Jon
Triple Stumper
    $1000 29
tandem

Jon
    $1000 11
Umbridge

Alex
    $1000 25
earth

Alex
    $1000 1
Yorktown

Jon

Scores at the first commercial break (after clue 14):

Alex Bianca Jon
$3,200 $400 $4,200

Scores at the end of the Jeopardy! Round:

Alex Bianca Jon
$7,400 $2,400 $6,800

Double Jeopardy! Round responses

HIS OWN MUSEUM
HODGEPODGE
WHERE'S THAT BONE?
WORDS & PHRASES
A CATEGORY WITH GAPS
EGOT-ISTS
(Alex Trebek: "E-G-O-T" referring to Emmy, Grammy, Oscar, and Tony Award winners.)
    $400 5
(Andy) Warhol

Jon
    $400 6
perfumes (a scent accepted)

Bianca
    $400 2
(Alex Maggio: What is the... ankle?)
(Bianca: What is the elbow?)

the wrist

AlexBiancaJon
    $400 1
the seventh-inning stretch

Jon
    $400 15
the Alps

Alex
    $400 7
(Richard) Rodgers

Alex
    $3,000 12
George Washington Carver

Alex
    $800 21
the Hugo Awards

Alex
    $800 3
the ear

Jon
    $800 10
"That's all, folks"

Bianca
    $800 16
Pennsylvania

Alex
    $800 8
"Let It Go"

Bianca
    $1200 13
Mozart

Jon
    $1200 4
a sawfish

Alex
    $1200 22
the pelvic girdle

Bianca
    $1200 11
a trough

Alex
    $1200 17
New Hampshire

Alex
    $1200 9
Rita Moreno

Bianca
    $1600 19
Herbert Hoover

Triple Stumper
    $1600 23
Daisies

Alex
    $1600 24
your nasal cavity

Triple Stumper
    $1600 14
(Jon: What's a dead hunchback?)
...
(Alex Trebek: The Hunchback of Notre Dame was the bell ringer.)

a dead ringer

AlexJon
    $1600 18
the Khyber Pass

Bianca
    $1600 25
[Alex Trebek reads "Os" as "Oscars".]
(Alex Maggio: What is Funny Face?)

The Way We Were

AlexBianca
    $2000 20
Roald Dahl

Alex
    $2000 26
(Jon: What's canon?)

a missal

Jon
Triple Stumper
    $2000 29
the ankle

Triple Stumper
    $3,000 27
pablum

Bianca
    $2000 28
the Appalachian Trail

Jon
    $2000 30
Sir John Gielgud

Triple Stumper

Scores at the end of the Double Jeopardy! Round:

Alex Bianca Jon
$19,600 $12,600 $8,400

[wagering suggestions for these scores]

Final Jeopardy! Round responses

DOG BREEDS
JonWhat is the King Charles Spaniel?
$8,399
BiancaWhat is Peter Papillon?
$7,001
AlexWhat is the King Charles Spaniel
$5,601
the King Charles spaniel

Final scores:

Alex Bianca Jon
$25,201 $5,599 $16,799
2-day champion: $40,301 3rd place: $1,000 2nd place: $2,000

Game dynamics:

Coryat scores:

Alex Bianca Jon
$17,400 $11,000 $8,400
25 R
(including 1 DD),
2 W
11 R
(including 2 DDs),
1 W
18 R,
3 W

Combined Coryat: $36,800

[game clues] [game scores] [suggest correction]

Game tape date: 2015-10-20
The J! Archive is created by fans, for fans. Scraping, republication, monetization, and malicious use prohibited; this site may use cookies and collect identifying information. See terms. The Jeopardy! game show and all elements thereof, including but not limited to copyright and trademark thereto, are the property of Jeopardy Productions, Inc. and are protected under law. This website is not affiliated with, sponsored by, or operated by Jeopardy Productions, Inc. Join the discussion at JBoard.tv.